Net future : the 7 cybertrends that will drive your business, create new wealth, and define your future

Bibliographic Details
Main Author: Martin, Chuck
Format: Book
Published: New York : McGraw-Hill , c1999
Subjects:

MARC

LEADER 00000cam a2200000 7i4500
001 0000007588
005 20021125.0
020 |a 007041131X 
040 |a INS 
090 0 0 |a HD30.37   |b M369 1999 
100 1 |a Martin, Chuck 
245 1 0 |a Net future :   |b the 7 cybertrends that will drive your business, create new wealth, and define your future   |c Chuck Martin 
260 |a New York :   |b McGraw-Hill ,   |c c1999 
300 |a 289p. ;   |c 24cm. 
650 0 0 |a Business enterprises   |x Communication systems 
650 0 0 |a Business enterprises   |x Computer networks 
650 0 0 |a Internet 
650 0 0 |a World Wide Web 
999 |a 0000007843   |b BOOK   |c Open Shelf   |e Default branch